000 01216nam0a22003011 4500
001 rc\213299
005 20250620234119.0
010 _a5-218-00051-5
_915000
035 _a(NLR Aleph) 005462651
090 _a4970334
_c4970334
100 _a20030307d1996 |||y0rusy50 ca
101 0 _arus
102 _aRU
105 _aa |||||||||
200 1 _aВиктория и Альберт
_eРоманы
_e[Пер. с англ.]
_fЭвелин Энтони
_g[Худож. В.И. Крупинин]
210 _aМ.
_cЦентрполиграф
_d1996
215 _a570, [2] с.
_cил.
_d20
225 1 _aМаскарад
327 1 _aСодерж.: Виктория и Альберт: Королева Великобритании и ее супруг; Анна Австрийская
464 0 _12001#$aВиктория и Альберт
_tВиктория и Альберт
464 0 _12001#$aАнна Австрийская
_tАнна Австрийская
700 1 _7ca
_8rus
_aЭнтони
_bЭ.
_cписатель
_f1928-2018
_gЭвелин
_9213611
_3RU\NLR\AUTH\770213667
801 0 _aRU
_bNLR
_gpsbo
801 1 _aRU
_bELAR
_2rusmarc
852 _aNLR
_j96-5/2904
942 _cBOOK
980 _aNB